[Event "PhilomaisXSeabra_Popowski"]
[Site "http://www.queenalice.com/game.php?id=844739"]
[Date "2010.10.12"]
[Round "-"]
[White "Philomais"]
[Black "Seabra_Popowski"]
[Result "0-1"]
[WhiteElo "1587"]
[BlackElo "1946"]

1. e4 c5 2. f3 e6 3. c3 Nc6 4. d4 d5 5. exd5 exd5 6. dxc5 Bxc5 7. b4 Bd6 8. b5
Qh4+ 9. Kd2 d4 10. bxc6 Ne7 11. cxb7 Bxb7 12. g3 Bxg3 13. Bb2 dxc3+ 14. Bxc3 O-O
15. Nh3 Rad8+ 16. Bd3 Rxd3+ 17. Kxd3 Rd8+ 18. Kc2 Rxd1 19. Rxd1 Bc7 20. Be5 Qc4+
21. Nc3 Nd5 22. Bxc7 Qxc3+ 23. Kb1 Qxc7 24. Rc1 Qb6+ 25. Kc2 Qe3 26. Ng1 Nb4+
27. Kb1 Qd2 28. Nh3 Nd3 29. Rc2 Qd1+ 30. Rc1 Qxc1# 0-1

[Event "Challenge"]
[Site "http://www.queenalice.com/game.php?id=847958"]
[Date "2010.10.19"]
[Round "-"]
[White "BIBIU16"]
[Black "Seabra_Popowski"]
[Result "0-1"]
[WhiteElo "1893"]
[BlackElo "1763"]

1. e4 c5 2. Nf3 d6 3. d4 cxd4 4. Nxd4 Nf6 5. Nc3 a6 6. Be2 e6 7. O-O Be7 8. Kh1
Qc7 9. f4 Nc6 10. Be3 Bd7 11. a3 Na5 12. Qe1 Nc4 13. Bc1 h5 14. Qg3 h4 15. Qd3
Rc8 16. f5 e5 17. Nf3 Qc5 18. b3 Nh5 19. Qxc4 Ng3+ 20. hxg3 hxg3+ 0-1

[Event "Challenge"]
[Site "http://www.queenalice.com/game.php?id=848081"]
[Date "2010.10.19"]
[Round "-"]
[White "montelo"]
[Black "Seabra_Popowski"]
[Result "0-1"]
[WhiteElo "2141"]
[BlackElo "1878"]

1. e4 e6 2. Nc3 d5 3. e5 c5 4. Qf3 Ne7 5. Nh3 Nbc6 6. Bb5 Bd7 7. Ng5 Nxe5 8.
Bxd7+ Qxd7 9. Qf4 N7g6 10. Qg3 Bd6 11. Qh3 Nf4 12. Qg3 h6 13. Qxf4 Nd3+ 14. cxd3
Bxf4 15. Nf3 O-O 16. O-O b5 17. g3 Bc7 18. b3 d4 19. Ne2 b4 20. Bb2 e5 21. Rfe1
g5 22. Rac1 Qd5 23. Kg2 g4 24. Kf1 gxf3 25. Ng1 f5 26. h4 Bd6 27. Ba1 Kh7 28.
Bb2 Rg8 29. Nh3 Rg7 30. Kg1 Rag8 31. Kh2 e4 32. Rg1 Qf7 33. Nf4 Bxf4 34. gxf4
Rg2+ 35. Kh1 Qh5 36. Rxg2 Rxg2 37. Bxd4 Qxh4# 0-1

[Event "Challenge"]
[Site "http://www.queenalice.com/game.php?id=848082"]
[Date "2010.10.19"]
[Round "-"]
[White "Seabra_Popowski"]
[Black "montelo"]
[Result "1-0"]
[WhiteElo "1827"]
[BlackElo "2141"]

1. d4 c6 2. e4 e5 3. Nf3 d6 4. dxe5 dxe5 5. Qxd8+ Kxd8 6. Nxe5 Be6 7. Bc4 f6 8.
Nxc6+ bxc6 9. Bxe6 Na6 10. Be3 Nb4 11. Na3 Na6 12. O-O-O+ Ke7 13. Bc4 Nc7 14.
Rd3 Ke8 15. Rhd1 Be7 16. Rd7 Bd8 17. Bxa7 Nd5 18. Rxg7 Nde7 19. Bc5 Ra5 20.
Rxd8+ Kxd8 21. Bb6+ Kc8 22. Bxa5 h5 23. Be6+ Kb7 24. Bxg8 Rxg8 25. Rxe7+ Ka6 26.
Nc4 Ra8 27. a4 Rg8 28. Bb6 Ra8 29. b4 h4 30. Kd2 h3 31. gxh3 f5 32. exf5 c5 33.
b5# 1-0

[Event "Challenge"]
[Site "http://www.queenalice.com/game.php?id=852938"]
[Date "2010.10.31"]
[Round "-"]
[White "ymfrancois"]
[Black "Seabra_Popowski"]
[Result "0-1"]
[WhiteElo "1800"]
[BlackElo "1930"]

1. d4 Nf6 2. c4 e6 3. c5 b6 4. b4 a5 5. Bd2 Nc6 6. e3 axb4 7. Be2 bxc5 8. Nf3
cxd4 9. Nxd4 Nxd4 10. exd4 Bb7 11. O-O Bd6 12. Bf3 Bxf3 13. Qxf3 O-O 14. Qb3 Nd5
15. Be3 f5 16. Bd2 Qh4 17. f4 Qf6 18. Be3 Ra5 19. a3 Nxe3 20. Qxe3 c5 21. Nd2
cxd4 22. Qd3 Rxa3 23. Rxa3 bxa3 24. Nc4 Qe7 25. Kh1 a2 26. Qxd4 Rb8 27. Qa1 Bxf4
28. g3 Qc5 29. gxf4 Qxc4 0-1

[Event "Penny Lane"]
[Site "http://www.queenalice.com/game.php?id=873338"]
[Date "2010.12.18"]
[Round "-"]
[White "bobifixer"]
[Black "Seabra_Popowski"]
[Result "1/2-1/2"]
[WhiteElo "2066"]
[BlackElo "1991"]

1. d4 Nf6 2. Nf3 d6 3. g3 g6 4. Bg2 Bg7 5. O-O O-O 6. Nbd2 Nbd7 7. e4 e5 8. dxe5
dxe5 9. Re1 Qe7 10. b3 Rd8 11. Qe2 b6 12. Bb2 a5 13. c4 Ba6 14. Nf1 Ne8 15. Qc2
Bb7 16. Rad1 Nc5 17. Ba3 Rxd1 18. Rxd1 Nd6 19. Bxc5 bxc5 20. N3d2 Bh6 21. Nb1
Bc6 22. Nc3 a4 23. Nd2 Bxd2 24. Rxd2 axb3 25. axb3 Kg7 26. Nd5 Bxd5 27. Rxd5 Nb7
28. h4 Ra1+ 29. Kh2 Ra6 30. Qb2 f6 31. Bh3 Rd6 32. Qa3 Rxd5 33. cxd5 Qd6 34. Qa8
Nd8 35. Qc8 Nf7 36. Qe8 Qd8 37. Qc6 Qd6 38. Qb5 Kf8 39. Qe2 Qb6 40. Qc2 Nd6 41.
Bg2 Nb5 42. Qa2 Qa7 43. Qd2 Kg7 44. Bf1 1/2-1/2

[Event "Challenge"]
[Site "http://www.queenalice.com/game.php?id=874852"]
[Date "2010.12.21"]
[Round "-"]
[White "vichid"]
[Black "Seabra_Popowski"]
[Result "0-1"]
[WhiteElo "1886"]
[BlackElo "2005"]

1. e4 c5 2. Nc3 Nc6 3. Nf3 Nf6 4. d4 cxd4 5. Nxd4 e5 6. Nf5 d5 7. exd5 Bxf5 8.
dxc6 Qxd1+ 9. Nxd1 bxc6 10. c3 Bc5 11. h3 O-O 12. Bc4 h6 13. O-O Rfd8 14. Ne3
Bd3 15. Bxd3 Rxd3 16. Nc2 Rad8 17. Be3 Bxe3 18. Nxe3 Nd5 19. Nf5 Rb8 20. c4 Nf4
21. Ne7+ Kf8 22. Nxc6 Rxb2 23. Nxe5 Rdd2 24. a4 Ne2+ 25. Kh2 Nf4 26. Rae1 f6 27.
Nf3 Rdc2 28. Re4 Ng6 29. Nd4 Rxf2 30. Rxf2 Rxf2 31. c5 f5 32. Kg3 Rxg2+ 33. Kxg2
fxe4 34. c6 Ke7 35. Nf5+ Kd8 36. Nxg7 Kc7 37. Nf5 Kxc6 38. h4 Kd5 39. Kf2 h5 40.
Ke3 a5 41. Ng3 Nxh4 42. Nxh5 Ke5 43. Ng3 Nf5+ 44. Kf2 Nxg3 45. Kxg3 Kd4 46. Kf2
Kd3 47. Ke1 Ke3 48. Kd1 Kf2 0-1

[Event "Challenge"]
[Site "http://www.queenalice.com/game.php?id=883395"]
[Date "2011.1.9"]
[Round "-"]
[White "jajaf1959"]
[Black "Seabra_Popowski"]
[Result "0-1"]
[WhiteElo "1958"]
[BlackElo "1975"]

1. d4 Nf6 2. c4 e6 3. a3 b6 4. Nf3 Be7 5. Nc3 O-O 6. Bf4 Ba6 7. e4 d6 8. Be2 Nc6
9. O-O Re8 10. b4 Bb7 11. d5 Nb8 12. Bd3 Nbd7 13. Qc2 Nf8 14. Rad1 e5 15. Bg5
Nh5 16. Bxe7 Qxe7 17. Rfe1 g6 18. Nd2 Nf4 19. Ne2 Nxd3 20. Qxd3 a5 21. Nf3 axb4
22. axb4 f5 23. Nc3 Ra3 24. Qd2 Rea8 25. exf5 gxf5 26. Nd4 Rxc3 27. Qxc3 exd4
28. Qxd4 Qd7 29. Re3 Ng6 30. Rg3 Qg7 31. h4 Qxd4 32. Rxd4 Kf7 33. h5 Ne5 34. Rf4
Bc8 35. h6 Ng6 36. Rff3 f4 37. Rxg6 Kxg6 38. Rxf4 Ra1+ 39. Kh2 Ra4 40. b5 Bb7
41. Rg4+ Kxh6 42. Rh4+ Kg5 43. Rxh7 Rxc4 44. Rg7+ Kf6 45. Rh7 Bxd5 46. Rh6+ Kg5
47. Rh3 Rh4 48. Rxh4 Kxh4 49. g3+ Kg4 0-1

[Event "Challenge"]
[Site "http://www.queenalice.com/game.php?id=928715"]
[Date "2011.4.21"]
[Round "-"]
[White "plot24"]
[Black "Seabra_Popowski"]
[Result "0-1"]
[WhiteElo "1851"]
[BlackElo "1995"]

1. e4 c5 2. Nf3 Nc6 3. c3 d5 4. e5 Bg4 5. d4 e6 6. Be3 Qb6 7. Nbd2 cxd4 8. cxd4
Bb4 9. a3 Bxd2+ 10. Qxd2 Bxf3 11. gxf3 Nge7 12. Rg1 Nf5 13. O-O-O Qb3 14. Kb1
O-O-O 15. Qc3 Qxd1+ 0-1

[Event "AUTO-MASTER-1435"]
[Site "http://www.queenalice.com/game.php?id=953713"]
[Date "2011.6.25"]
[Round "1"]
[White "Seabra_Popowski"]
[Black "Eduarte"]
[Result "1-0"]
[WhiteElo "2018"]
[BlackElo "1972"]

1. e4 e5 2. Nf3 d6 3. d4 exd4 4. Nxd4 Nf6 5. Nc3 Be7 6. Bd3 O-O 7. O-O c5 8. Nf3
Bg4 9. h3 Bh5 10. Bg5 Nc6 11. Bxf6 Bxf6 12. Nd5 Bxb2 13. Rb1 Be5 14. Rxb7 Nd4
15. g4 Bg6 16. Nxd4 Bxd4 17. c3 1-0

[Event "AUTO-MASTER-1435"]
[Site "http://www.queenalice.com/game.php?id=953714"]
[Date "2011.6.25"]
[Round "1"]
[White "Eduarte"]
[Black "Seabra_Popowski"]
[Result "0-1"]
[WhiteElo "1970"]
[BlackElo "2055"]

1. e4 e6 2. d4 c5 3. c3 cxd4 4. cxd4 Bb4+ 5. Nc3 Nf6 6. Bd3 Nc6 7. Ne2 Qb6 8.
Be3 d5 9. O-O O-O 10. a3 Be7 11. h3 dxe4 12. Nxe4 Nxe4 13. Bxe4 Qxb2 14. Nf4 f5
15. Bf3 Rd8 16. Bxc6 bxc6 17. Qa4 Qb5 18. Qc2 c5 19. a4 Qc6 20. Rfc1 Bb7 21. d5
exd5 22. Qxf5 d4 23. Qe6+ Qxe6 24. Nxe6 dxe3 25. Nxd8 Rxd8 26. fxe3 Rd2 0-1

[Event "AUTO-MASTER-1435"]
[Site "http://www.queenalice.com/game.php?id=953715"]
[Date "2011.6.25"]
[Round "1"]
[White "Seabra_Popowski"]
[Black "luciopac"]
[Result "1-0"]
[WhiteElo "2032"]
[BlackElo "2200"]

1. e4 d5 2. exd5 Qxd5 3. Nc3 Qa5 4. Nf3 c6 5. Be2 Nf6 6. O-O Bg4 7. h3 Bh5 8. d4
e6 9. Ne5 Bxe2 10. Qxe2 Bd6 11. Nc4 Qc7 12. Nxd6+ Qxd6 13. Be3 O-O 14. Rad1 Rd8
15. Bg5 Nbd7 16. Ne4 e5 17. Nxd6 1-0

[Event "AUTO-MASTER-1435"]
[Site "http://www.queenalice.com/game.php?id=953716"]
[Date "2011.6.25"]
[Round "1"]
[White "luciopac"]
[Black "Seabra_Popowski"]
[Result "1-0"]
[WhiteElo "2192"]
[BlackElo "2060"]

1. e4 c5 2. Nf3 Nc6 3. d4 cxd4 4. Nxd4 Nf6 5. Nc3 e5 6. Nb3 d5 7. exd5 Nb4 8.
Bc4 Bf5 9. Bb5+ Bd7 10. Qe2 Nfxd5 11. Qxe5+ Qe7 12. Qxe7+ Bxe7 13. Nxd5 Bxb5 14.
Nc7+ Kd8 15. Nxb5 Nxc2+ 16. Kd2 Nxa1 17. Nxa1 Rc8 18. Nb3 a6 19. Nc3 b5 20. Rd1
Rc7 21. Ke2+ Rd7 22. Nd5 Bh4 23. Be3 Re8 24. Nc5 1-0

[Event "AUTO-MASTER-1435"]
[Site "http://www.queenalice.com/game.php?id=953717"]
[Date "2011.6.25"]
[Round "1"]
[White "Seabra_Popowski"]
[Black "Feijo"]
[Result "1/2-1/2"]
[WhiteElo "2053"]
[BlackElo "2225"]

1. e4 c5 2. Nf3 Nc6 3. d4 cxd4 4. Nxd4 Nf6 5. Nc3 e5 6. Ndb5 d6 7. Bg5 a6 8. Na3
b5 9. Nd5 Be7 10. Nxe7 Nxe7 11. c3 Be6 12. Bd3 Ng6 13. Qf3 h6 14. Bxf6 Qxf6 15.
Qxf6 gxf6 16. g3 Ne7 17. c4 b4 18. Nc2 a5 19. Ne3 Nc6 20. c5 dxc5 21. Bb5 Kd7
22. Nd5 Rab8 23. Ba4 Kd6 24. Bxc6 Kxc6 25. O-O-O Bxd5 26. Rxd5 Rhd8 27. Rhd1
Rxd5 28. Rxd5 a4 29. Rd3 Rg8 30. Rf3 Rg6 31. h4 h5 32. Kc2 Kb5 33. Rf5 Rh6 34.
a3 Kc4 35. Rf3 Kd4 36. Re3 Rg6 37. Kd2 Rg4 38. Rd3+ Kc4 39. Re3 Rg8 40. Rd3 Rb8
41. Kc2 Rb7 42. Rd6 bxa3 43. bxa3 Rb3 44. Rxf6 Rxa3 45. Rxf7 Ra2+ 46. Kb1 Re2
47. f3 Kb3 48. Rb7+ Kc3 49. Ra7 c4 50. Re7 Kb3 1/2-1/2

[Event "AUTO-MASTER-1435"]
[Site "http://www.queenalice.com/game.php?id=953718"]
[Date "2011.6.25"]
[Round "1"]
[White "Feijo"]
[Black "Seabra_Popowski"]
[Result "1-0"]
[WhiteElo "2220"]
[BlackElo "2070"]

1. e4 c5 2. Nc3 Nc6 3. f4 e6 4. Nf3 d5 5. Bb5 Nf6 6. Ne5 Bd7 7. exd5 Nxe5 8.
fxe5 Nxd5 9. Bxd7+ Qxd7 10. O-O Nxc3 11. bxc3 Rd8 12. Qf3 Qe7 13. d3 g6 14. Bg5
1-0

[Event "murgu"]
[Site "http://www.queenalice.com/game.php?id=957844"]
[Date "2011.7.7"]
[Round "1"]
[White "bambi54"]
[Black "Seabra_Popowski"]
[Result "0-1"]
[WhiteElo "1515"]
[BlackElo "2068"]

1. e4 c5 2. Nf3 Nc6 3. Bc4 e6 4. d3 Nf6 5. Bg5 Be7 6. O-O O-O 7. Nc3 h6 8. Bh4
d6 9. Qd2 a6 10. Rae1 b5 11. Bb3 Bb7 12. a4 b4 13. Nd5 exd5 14. exd5 Nxd5 15.
Bxd5 Bxh4 16. Nxh4 Qxh4 17. c4 Rae8 18. b3 Na5 19. Be4 Bxe4 20. dxe4 Nxb3 21.
Qxd6 Re6 22. Qd5 Rd8 23. Qf5 Rf6 24. Qe5 Nd2 25. Qxc5 Nf3+ 26. gxf3 Rg6+ 0-1

[Event "murgu"]
[Site "http://www.queenalice.com/game.php?id=975851"]
[Date "2011.8.22"]
[Round "2"]
[White "chessman"]
[Black "Seabra_Popowski"]
[Result "1/2-1/2"]
[WhiteElo "2064"]
[BlackElo "2049"]

1. e4 c5 2. Nf3 Nc6 3. d4 cxd4 4. Nxd4 Nf6 5. Nc3 e5 6. Ndb5 d6 7. Bg5 a6 8. Na3
b5 9. Nd5 Be7 10. Nxe7 Nxe7 11. Bd3 Be6 12. f4 Qb6 13. fxe5 Ng4 14. Qe2 Nxe5 15.
Be3 Qa5+ 16. Bd2 Qb6 17. h3 Rc8 18. Be3 Qa5+ 19. Bd2 Qb6 20. Be3 Qa5+ 1/2-1/2

[Event "murgu"]
[Site "http://www.queenalice.com/game.php?id=988280"]
[Date "2011.9.21"]
[Round "3"]
[White "Seabra_Popowski"]
[Black "CocorickO"]
[Result "1-0"]
[WhiteElo "2050"]
[BlackElo "1734"]

1. e4 e5 2. Nf3 Nc6 3. Bb5 Nge7 4. O-O a6 5. Ba4 b5 6. Bb3 h6 7. c3 Ng6 8. d4
exd4 9. cxd4 d6 10. a4 b4 11. a5 Bg4 12. Bd5 Qd7 13. Qa4 Nge7 14. Bxc6 Nxc6 15.
Nbd2 d5 16. exd5 Qxd5 17. Ne5 Bd7 18. Nxd7 Qxd7 19. Nf3 Bd6 20. Bd2 O-O 21. Rfc1
Rae8 22. Qxc6 Qxc6 23. Rxc6 Re2 24. Kf1 Re7 25. Rxa6 Rfe8 26. Rc6 g5 27. a6 Bf4
28. Bxf4 gxf4 29. a7 Ra8 30. Rxh6 Kg7 31. Nh4 Rd7 32. Nf5+ Kg8 33. d5 c5 34. Rb6
Rdxa7 35. Rb8+ Rxb8 36. Rxa7 Rd8 37. Rc7 Ra8 38. d6 Ra1+ 39. Ke2 Rc1 40. d7 Rc2+
41. Kf3 Rd2 42. Rc8+ Kh7 43. d8=Q Rxd8 44. Rxd8 Kg6 45. Kxf4 c4 46. Ke5 c3 47.
Rg8+ Kh7 48. Rg4 c2 49. Kf6 c1=Q 50. Rh4+ Kg8 51. Ne7+ Kf8 52. Rh8# 1-0

[Event "murgu-2"]
[Site "http://www.queenalice.com/game.php?id=1022235"]
[Date "2012.1.30"]
[Round "1"]
[White "LeandroMontalvao"]
[Black "Seabra_Popowski"]
[Result "0-1"]
[WhiteElo "1866"]
[BlackElo "2060"]

1. e4 c5 2. c3 e6 3. d4 d5 4. Be3 dxe4 5. dxc5 Qxd1+ 6. Kxd1 Nc6 7. Nd2 f5 8. f3
f4 9. Bxf4 exf3 10. Ngxf3 Bxc5 11. Bc4 Nge7 12. Re1 O-O 13. Bxe6+ Bxe6 14. Rxe6
Rxf4 15. Kc2 Rc8 16. Rae1 Nf5 17. b4 Bf2 18. Re8+ Rxe8 19. Rxe8+ Kf7 20. Re2 Be3
21. Nc4 Rxc4 0-1

[Event "murgu-2"]
[Site "http://www.queenalice.com/game.php?id=1068759"]
[Date "2012.6.6"]
[Round "2"]
[White "Seabra_Popowski"]
[Black "brunocalixto"]
[Result "0-1"]
[WhiteElo "2068"]
[BlackElo "1713"]

1. e4 c5 2. Nf3 d6 3. d4 cxd4 4. Nxd4 Nf6 5. Nc3 a6 6. f3 g6 7. Be3 Bg7 8. Qd2
O-O 9. Bc4 Nbd7 10. O-O-O e5 0-1